00391cam a22001217a 4500008004000000082001500040100002400055245006000079260004200139300001500181650003300196650004000229180718b1960 xxu||||| |||| 00| 0 eng d aA6x548 W93 aWriggins, W. Howard aCeylon: dilemmas of a new nationcby W. Howard Wriggins aPrincetonbPrinceton Universityc1960 axiii,505p. aSri Lanka --Economic policy. aSri Lanka --Politics and government